书目信息 |
| 题名: |
现代性境域中的生态危机
|
|
| 作者: | 吴先伍 著 | |
| 分册: | ||
| 出版信息: | 合肥 安徽人民出版社 2008.10 |
|
| 页数: | 236页 | |
| 开本: | 21cm | |
| 丛书名: | ||
| 单 册: | ||
| 中图分类: | X171.1 | |
| 科图分类: | ||
| 主题词: | 生态环境--sheng tai huan jing--环境保护--研究 | |
| 电子资源: | ||
| ISBN: | 978-7-212-03331-6 | |
| 000 | 01162nam0 2200265 450 | |
| 001 | 012009685315 | |
| 005 | 20090430142235.90 | |
| 010 | @a978-7-212-03331-6@dCNY20.00 | |
| 100 | @a20090430d2008 em y0chi0120 ea | |
| 101 | 0 | @achi |
| 102 | @aCN@b340000 | |
| 105 | @ay a 000yy | |
| 106 | @ar | |
| 200 | 1 | @a现代性境域中的生态危机@Axian dai xing jing yu zhong de sheng tai wei ji@e人与自然冲突的观念论根源@f吴先伍著@Fwu xian wu zhu |
| 210 | @a合肥@c安徽人民出版社@d2008.10 | |
| 215 | @a236页@d21cm | |
| 300 | @a安徽省省级重点学科安徽师范大学马克思主义哲学学科建设基金资助项目 | |
| 320 | @a有书目 (第225-234页) | |
| 330 | @a自从19世纪下半叶以来,人与自然之间的关系日益紧张,生态问题变得日益突出。本书主要是从分析欲望、自由、理性、科学、文明、自然环境这些概念入手,来探讨在现代社会中,人们思想观念的悄然变化如何改变着人与自然之间的关系,并最终导致人与自然之间激烈冲突。 | |
| 517 | 1 | @a人与自然冲突的观念论根源@Aren yu zi ran chong tu de guan nian lun gen yuan |
| 606 | 0 | @a生态环境@Asheng tai huan jing@x环境保护@x研究 |
| 690 | @aX171.1@v4 | |
| 701 | 0 | @a吴先伍@Awu xian wu@4著 |
| 801 | 0 | @aCN@bQSSK@c20090430 |
| 905 | @b741677-79@dX171.1@eW897@f3 | |
| 现代性境域中的生态危机:人与自然冲突的观念论根源/吴先伍著.-合肥:安徽人民出版社,2008.10 |
| 236页;21cm |
| 安徽省省级重点学科安徽师范大学马克思主义哲学学科建设基金资助项目 |
| ISBN 978-7-212-03331-6:CNY20.00 |
| 自从19世纪下半叶以来,人与自然之间的关系日益紧张,生态问题变得日益突出。本书主要是从分析欲望、自由、理性、科学、文明、自然环境这些概念入手,来探讨在现代社会中,人们思想观念的悄然变化如何改变着人与自然之间的关系,并最终导致人与自然之间激烈冲突。 |
| ● |
| 相关链接 |
|
|
|
正题名:现代性境域中的生态危机
索取号:X171.1/W897
 
预约/预借
| 序号 | 登录号 | 条形码 | 馆藏地/架位号 | 状态 | 备注 |
| 1 | 741677 | 207416777 | 自科库501/501自科库 63排3列4层/ [索取号:X171.1/W897] | 在馆 | |
| 2 | 741678 | 207416786 | 自科库501/501自科库 63排3列4层/ [索取号:X171.1/W897] | 在馆 | |
| 3 | 741679 | 207416795 | 自科库501/501自科库 63排3列4层/ [索取号:X171.1/W897] | 在馆 |